| 000 | 00892nam a22002537a 4500 | ||
|---|---|---|---|
| 003 | OSt | ||
| 005 | 20131021110049.0 | ||
| 008 | 130416s2008 sp ||||| |||| 00| 0 eng d | ||
| 020 | _a9788498208771 | ||
| 040 | _cCDMR | ||
| 245 | 0 | 0 |
_aDiseño de la noticia _b: una mirada actual a la estrategias periodísticas en papel y web : proyectos 2006-2008 _cCases i Associats ; [coordinación editorial Daniel Gimeno] |
| 246 | _aDesigning news : today's editorial strategies for print and for the web : projects 2006-2008 | ||
| 250 | _a1a ed. | ||
| 260 |
_aBarcelona _bSol90 _c2008 |
||
| 300 |
_a433 p. _bil. col. |
||
| 490 | 0 | _aMedia | |
| 500 | _aText en castellà i anglès | ||
| 610 | 2 |
_93184 _aCases i Associats |
|
| 650 | 0 | 4 |
_91840 _aDiaris _xDisseny |
| 650 | 0 | 4 |
_93188 _aPremsa digital _xDisseny |
| 700 | 1 |
_93190 _aGimeno, Daniel _eed. |
|
| 710 | 2 |
_93184 _aCases i Associats |
|
| 942 |
_2udc _cMON |
||
| 999 |
_c6097 _d6097 |
||